Estudio de pre factibilidad de complejo habitacional La Sabana

El objetivo del presente trabajo será realizar un estudio de pre factibilidad de un complejo habitacional en la comarca de sabana Grande, realizando un estudio de mercado mediante del análisis de oferta y demanda de habitaciones en la zona y comercialización del servicio, determinando la rentabil...

Full description

Bibliographic Details
Main Authors: Uriarte Valle, Oscar Danilo, Cerrato Chavarría, Salvador
Other Authors: Tutor: Zúñiga Morales, Gonzalo de Jesús
Format: Tesis Section = Libro
Language:Undetermined
Spanish
Published: Managua, Nicaragua UNI 2017
Subjects:
LEADER 01307nam a2200301Ia 4500
008 240830s9999 xx 000 0 und d
040 |a BIBLIOTECA-RUSB/ M.Mon 363.5 U76 
041 |a spa 
082 |a M.Mon 363.5 U76 
100 1 |a Uriarte Valle, Oscar Danilo 
100 1 |b Cerrato Chavarría, Salvador 
245 1 0 |a Estudio de pre factibilidad de complejo habitacional La Sabana 
260 |a Managua, Nicaragua  |b UNI  |c 2017 
300 |a 342 p. :il. 
500 |a Contiene: anexos 
502 |a Tesis (Master en Gerencia de Proyectos de Desarrollo.) - UNI, 2017. 
520 3 |a El objetivo del presente trabajo será realizar un estudio de pre factibilidad de un complejo habitacional en la comarca de sabana Grande, realizando un estudio de mercado mediante del análisis de oferta y demanda de habitaciones en la zona y comercialización del servicio, determinando la rentabilidad financiera del complejo habitacional. 
650 7 |a VIVIENDAS 
650 7 |b  CONSTRUCCIÓN DE VIVIENDAS-PROYECTOS 
650 7 |c  ESTUDIO DE FACTIBILIDAD 
650 7 |d  VIVIENDAS-FINANCIACION 
650 7 |e  ESTUDIO DE MERCADO 
650 7 |f  EVALUACIÓN-FINANCIERA 
650 7 |g  IMPACTO AMBIENTAL 
700 1 |a Tutor:  |b Zúñiga Morales, Gonzalo de Jesús 
942 |c BK  |2 ddc 
991 |a TESIS 
999 |c 19257